| 000 | 00716nam a2200205 i 4500 | ||
|---|---|---|---|
| 001 | 29822 | ||
| 003 | ES-MaACL | ||
| 005 | 20250928131507.0 | ||
| 007 | t| | ||
| 008 | 030123s1922 sp ||||1| spa d | ||
| 100 | 1 |
_aBasanta de la Riva, Alfredo. _926246 |
|
| 245 | 1 | 0 |
_aGenealogía y nobleza / _cquinientos documentos estudiados por Alfredo Basanta de la Riva ; prólogo de Narciso Alonso Cortés. |
| 260 |
_aMadrid : _bReus, _c1922. |
||
| 300 |
_aXI, 173 p. ; _c26 cm. |
||
| 650 | 4 |
_aNobleza- _zEspaña- _xHistoria- _vFuentes. _9166622 |
|
| 651 | 4 |
_aEspaña- _xGenealogía- _vDiccionarios. _9149564 |
|
| 700 | 1 |
_aAlonso Cortés, Narciso, _d1875-1972 _920277 |
|
| 852 |
_aES-MaACL _jB-4934 |
||
| 999 |
_c29822 _d29822 |
||